JCT: intermediate sub-contract with sub-contractor's design conditions 2016 (Record no. 121435)
[ view plain ]
| 000 -LEADER | |
|---|---|
| fixed length control field | 01390aam a2200397 i 4500 |
| 001 - CONTROL NUMBER | |
| control field | 121435 |
| 005 - DATE AND TIME OF LATEST TRANSACTION | |
| control field | 20230404113640.0 |
| 008 - FIXED-LENGTH DATA ELEMENTS--GENERAL INFORMATION | |
| fixed length control field | 230404s2016 enkk 000 0 eng c |
| 015 ## - NATIONAL BIBLIOGRAPHY NUMBER | |
| National bibliography number | GBB7H5674 |
| Source | bnb |
| 016 7# - NATIONAL BIBLIOGRAPHIC AGENCY CONTROL NUMBER | |
| Record control number | 018398552 |
| Source | Uk |
| 020 ## - INTERNATIONAL STANDARD BOOK NUMBER | |
| International Standard Book Number | 9780414054837 |
| Qualifying information | paperback |
| 035 ## - SYSTEM CONTROL NUMBER | |
| System control number | (WlAbNL)99762133802419 |
| 035 ## - SYSTEM CONTROL NUMBER | |
| System control number | (UK-WkNB)9780414054837 |
| 035 ## - SYSTEM CONTROL NUMBER | |
| System control number | (StEdALDL)1/3522716 |
| 035 ## - SYSTEM CONTROL NUMBER | |
| System control number | (UkOxU)020944133 |
| 035 ## - SYSTEM CONTROL NUMBER | |
| System control number | (Uk)018398552 |
| 040 ## - CATALOGING SOURCE | |
| Original cataloging agency | Uk |
| Language of cataloging | eng |
| Description conventions | rda |
| Transcribing agency | Uk |
| Modifying agency | WlAbNL |
| -- | UkOxU |
| 042 ## - AUTHENTICATION CODE | |
| Authentication code | ukscp |
| 082 04 - DEWEY DECIMAL CLASSIFICATION NUMBER | |
| Classification number | 343.41078624 |
| Edition number | 23 |
| 245 00 - TITLE STATEMENT | |
| Title | JCT: intermediate sub-contract with sub-contractor's design conditions 2016 |
| Remainder of title | ICSub/D/C 2016 |
| 246 30 - VARYING FORM OF TITLE | |
| Title proper/short title | Intermediate sub-contract with sub-contractor's design conditions 2016 |
| 264 #1 - PRODUCTION, PUBLICATION, DISTRIBUTION, MANUFACTURE, AND COPYRIGHT NOTICE | |
| Place of production, publication, distribution, manufacture | London : |
| Name of producer, publisher, distributor, manufacturer | Thomson Reuters (Professional) UK Limited, trading as Sweet & Maxwell, |
| Date of production, publication, distribution, manufacture, or copyright notice | 2016. |
| 264 #4 - PRODUCTION, PUBLICATION, DISTRIBUTION, MANUFACTURE, AND COPYRIGHT NOTICE | |
| Date of production, publication, distribution, manufacture, or copyright notice | ©2016 |
| 300 ## - PHYSICAL DESCRIPTION | |
| Extent | iv, 59 pages : |
| Other physical details | forms ; |
| Dimensions | 30 cm. |
| 336 ## - CONTENT TYPE | |
| Content type term | text |
| Source | rdacontent |
| 337 ## - MEDIA TYPE | |
| Media type term | unmediated |
| Source | rdamedia |
| 338 ## - CARRIER TYPE | |
| Carrier type term | volume |
| Source | rdacarrier |
| 490 1# - SERIES STATEMENT | |
| Series statement | JCT Contracts 2016 |
| 500 ## - GENERAL NOTE | |
| General note | At head of title: JCT. |
| 610 20 - SUBJECT ADDED ENTRY--CORPORATE NAME | |
| Corporate name or jurisdiction name as entry element | Joint Contracts Tribunal. |
| 650 #0 - SUBJECT ADDED ENTRY--TOPICAL TERM | |
| Topical term or geographic name entry element | Construction contracts |
| Geographic subdivision | Great Britain. |
| 650 #0 - SUBJECT ADDED ENTRY--TOPICAL TERM | |
| Topical term or geographic name entry element | Buildings |
| General subdivision | Contracts and specifications |
| Geographic subdivision | Great Britain. |
| 710 2# - ADDED ENTRY--CORPORATE NAME | |
| Corporate name or jurisdiction name as entry element | Joint Contracts Tribunal, |
| Relator term | issuing body. |
| 830 #0 - SERIES ADDED ENTRY--UNIFORM TITLE | |
| Uniform title | Intermediate building contract. |
| Date of a work | 2016. |
| 942 ## - ADDED ENTRY ELEMENTS (KOHA) | |
| Source of classification or shelving scheme | Dewey Decimal Classification |
| Withdrawn status | Lost status | Source of classification or shelving scheme | Damaged status | Not for loan | Home library | Current library | Shelving location | Date acquired | Total Checkouts | Full call number | Date last seen | Price effective from | Koha item type |
|---|---|---|---|---|---|---|---|---|---|---|---|---|---|
| Dewey Decimal Classification | London | London | Boxed set | 04/04/2023 | JCT CONTRACTS | 04/04/2023 | 04/04/2023 | Book |